• 首页
  • 本馆介绍
  • 公告通知
  • 最新文献
  • 馆藏检索
  • 电子资源
  • 读者导购
  • 参考咨询
  • 我的图书馆
  • 登录
  • 详细信息显示
  • 放入我的书架
  • 预约/预借图书
  • 作者相关作品
  • 分类相关作品
  • 丛书相关作品
  • 出版社相关作品

书目信息

  • 表格格式
  • 工作单格式
  • 卡片格式
题名:
上海的故事
    
 
作者: ;上海人民出版社 编辑
分册:  
出版信息: 上海   上海人民出版社  1982
页数: 405页
开本: 19cm
丛书名:
单 册:
中图分类: D642
科图分类:
主题词: 历史故事-儿童文学--中国--现代 , 政治--中国 , 儿童文学-历史故事--中国--现代
电子资源:
ISBN:
000 00726nam0 2200253 45
001 0182002330
005 20060817103549.79
010    @dCNY0.84
091    @aCN@b4074.492
100    @a19950408d1982 demy0chiy0121 ea
101 0  @achi
102    @aCN@b310000
105    @af z 000fd
200 10 @a上海的故事@Ashang hai de gu shi@e合订本@f上海人民出版社编辑
210    @a上海@c上海人民出版社@d1982
215    @a405页@c照片@d19cm
606    @a历史故事-儿童文学@y中国@z现代
606 0  @a政治@x中国
606    @a儿童文学-历史故事@y中国@z现代
690    @aD642@v3
711 02 @a上海人民出版社@Ashang hai ren min chu ban she@4编辑
801  0 @aCN@bTSSF@c20060817
801  2 @aCN@bNLC@c20060802
905    @a10447@dD642@e2
    
    上海的故事:合订本/上海人民出版社编辑.-上海:上海人民出版社,1982
    405页:照片;19cm
    
    
    ISBN :CNY0.84
    
●
相关链接 在E读中查询图书 在五车中查询图书 在当当中查询图书 在豆瓣中查询图书


正题名:上海的故事     索取号:D642/2         预约/预借

序号 登录号 条形码 馆藏地/架位号 状态 备注
1 0442104   204421045   密集书库/ [索取号:D642/2] 在馆    
2 0465300   204653008   密集书库/ [索取号:D642/2] 在馆    
3 0465301   204653017   密集书库/ [索取号:D642/2] 在馆    
唐山师范学院图书馆 欢迎您!
大连网信软件有限公司© 版权所有